Business handbook : Access Nippon 1994
保存先:
| 団体著者: | |
|---|---|
| フォーマット: | 図書 |
| 言語: | Undetermined |
| 出版事項: |
Tokyo
Access Nippon
1994
|
| 主題: | |
| タグ: |
タグ追加
タグなし, このレコードへの初めてのタグを付けませんか!
|
| Thư viện lưu trữ: | Trung tâm Học liệu Trường Đại học Cần Thơ |
|---|
| LEADER | 00570nam a2200229Ia 4500 | ||
|---|---|---|---|
| 001 | CTU_98388 | ||
| 008 | 210402s9999 xx 000 0 und d | ||
| 082 | |a 338.8 | ||
| 082 | |b A169 | ||
| 110 | |a Access Nippon | ||
| 245 | 0 | |a Business handbook : | |
| 245 | 0 | |b Access Nippon 1994 | |
| 245 | 0 | |c Access Nippon | |
| 260 | |a Tokyo | ||
| 260 | |b Access Nippon | ||
| 260 | |c 1994 | ||
| 650 | |a Corporations,Industries | ||
| 650 | |x Directories | ||
| 650 | |y 1945 | ||
| 650 | |z Japan,Japan | ||
| 904 | |i Giang | ||
| 980 | |a Trung tâm Học liệu Trường Đại học Cần Thơ | ||